Wireless communications (E-Book) (Record no. 196658)
[ view plain ]
| 000 -LEADER | |
|---|---|
| fixed length control field | 01167 a2200181 4500 |
| 003 - CONTROL NUMBER IDENTIFIER | |
| control field | Nust |
| 005 - DATE AND TIME OF LATEST TRANSACTION | |
| control field | 20170207154318.0 |
| 010 ## - LIBRARY OF CONGRESS CONTROL NUMBER | |
| LC control number | 2005047075 |
| 020 ## - INTERNATIONAL STANDARD BOOK NUMBER | |
| International Standard Book Number | 9780521837163 |
| 040 ## - CATALOGING SOURCE | |
| Transcribing agency | Nust |
| 082 00 - DEWEY DECIMAL CLASSIFICATION NUMBER | |
| Classification number | 621.382 |
| 100 1# - MAIN ENTRY--PERSONAL NAME | |
| Personal name | Goldsmith, Andrea, |
| 245 10 - TITLE STATEMENT | |
| Title | Wireless communications (E-Book) |
| Statement of responsibility, etc. | Andrea Goldsmith. |
| 260 ## - PUBLICATION, DISTRIBUTION, ETC. | |
| Place of publication, distribution, etc. | Cambridge ; |
| -- | New York : |
| Name of publisher, distributor, etc. | Cambridge University Press, |
| Date of publication, distribution, etc. | 2005. |
| 300 ## - PHYSICAL DESCRIPTION | |
| Extent | xxviii, 644 p. : |
| Other physical details | ill. ; |
| Dimensions | 26 cm. |
| 505 ## - FORMATTED CONTENTS NOTE | |
| Formatted contents note | Overview of Wireless Communications (Page-1),Path Loss and Shadowing (Page-24),Statistical Multipath Channel Models (Page-58),Capacity of Wireless Channels (Page-91),Digital Modulation and Detection (Page-116),Performance of Digital Modulation over Wireless Channels (Page-159), Diversity (Page-190),Coding for Wireless Channels (Page-213),Adaptive Modulation and Coding (Page-263),Multiple Antennas and Space-Time Communications (Page-299),Equalization (Page-327),Multicarrier Modulation (Page-350),Spread Spectrum (Page-378),Multiuser Systems (Page-422),Cellular Systems and Infrastructure-Based Wireless Networks (Page-470),Ad Hoc Wireless Networks (Page-499). |
| 650 #0 - SUBJECT ADDED ENTRY--TOPICAL TERM | |
| Topical term or geographic name entry element | Telecommunications engineering - (E-BOOK) |
| 942 ## - ADDED ENTRY ELEMENTS (KOHA) | |
| Source of classification or shelving scheme | |
| Koha item type | Book |
| Withdrawn status | Lost status | Source of classification or shelving scheme | Damaged status | Not for loan | Collection code | Permanent Location | Current Location | Date acquired | Total Checkouts | Full call number | Barcode | Date last seen | Price effective from | Koha item type |
|---|---|---|---|---|---|---|---|---|---|---|---|---|---|---|
| Military College of Signals (MCS) | Military College of Signals (MCS) | 12/12/2016 | 621.382 SMI | MCSEB-3027 | 12/08/2016 | 12/12/2016 | Book | |||||||
| Military College of Signals (MCS) | Military College of Signals (MCS) | 12/12/2016 | 621.382 SMI | MCSEB-3028 | 12/08/2016 | 12/12/2016 | Book |
